[Event "34th Chess Olympiad (men)"]
[Site "Istanbul"]
[Date "2000.11.06"]
[Round "9.21.4"]
[White "Tu Hoang, Thai"]
[Black "Juswanto, Denny"]
[WhiteElo "2335"]
[BlackElo "2483"]
[WhiteCountry "VIE"]
[BlackCountry "INA"]
[Result "0-1"]

1. d4 d5 2. Nf3 Nf6 3. c4 c6 4. Nbd2 Bf5 5. g3 e6 6. Bg2 Nbd7 7. O-O Be7 
8. b3 O-O 9. Bb2 a5 10. Nh4 Bg4 11. h3 Bh5 12. g4 Bg6 13. Nxg6 hxg6 14. e3 Bb4 
15. a4 Qb6 16. g5 Ne8 17. Nf3 Qd8 18. Qc2 Nd6 19. h4 Ne4 20. Nh2 f5 
21. Bxe4 dxe4 22. f3 Qc7 23. Kg2 Bd6 24. f4 c5 25. Kg3 Nb8 26. Rad1 Nc6 
27. d5 Nb4 28. Qc3 exd5 29. cxd5 c4 30. bxc4 Rac8 31. Ba1 Rf7 32. Rc1 Na2 
33. Qd2 Nxc1 34. Rxc1 Qb6 35. Nf1 Rfc7 36. Qc3 Qb4 37. Nd2 Qxa4 38. Qd4 Bc5 
39. Qe5 Re7 40. Qc3 Bb4 41. Qd4 Qa3 42. Bc3 
0-1

[Event "34th Chess Olympiad (men)"]
[Site "Istanbul"]
[Date "2000.11.06"]
[Round "9.22.1"]
[White "Annageldyev, Orazly"]
[Black "Rogers, Ian"]
[WhiteElo "2491"]
[BlackElo "2558"]
[WhiteCountry "TKM"]
[BlackCountry "AUS"]
[Result "0-1"]

1. d4 Nf6 2. Bg5 e6 3. e4 h6 4. Bxf6 Qxf6 5. Nf3 d6 6. Nc3 Nd7 7. Qd2 a6 
8. O-O-O Qd8 9. e5 d5 10. h4 b5 11. Ne2 Nb6 12. Nf4 Nc4 13. Bxc4 bxc4 
14. Nh5 Qd7 15. Qc3 Rb8 16. a3 Qb5 17. Rh3 Rb6 18. Rg3 g6 19. Nf6+ Kd8 
20. h5 g5 21. Ng1 a5 22. Ne2 Ba6 23. f4 gxf4 24. Nxf4 Kc8 25. Ng6 fxg6 
26. hxg6 Bg7 27. Nh5 Rg8 28. Rf1 Bxe5 29. dxe5 d4 30. a4 Qxe5 31. Qf3 d3 
32. c3 Bb7 33. Qd1 d2+ 34. Qxd2 Qxh5 35. g7 Qe8 36. Qf4 Rd6 37. Qxc4 Ba6 
0-1

[Event "34th Chess Olympiad (men)"]
[Site "Istanbul"]
[Date "2000.11.06"]
[Round "9.22.2"]
[White "Johansen, Darryl K"]
[Black "Ovezov, Artek"]
[WhiteElo "2505"]
[BlackElo "2366"]
[WhiteCountry "AUS"]
[BlackCountry "TKM"]
[Result "1-0"]

1. c4 Nf6 2. Nc3 c5 3. g3 Nc6 4. Bg2 e6 5. Nf3 d5 6. cxd5 exd5 7. d4 Be6 
8. O-O cxd4 9. Nxd4 Bc5 10. Be3 Be7 11. Qa4 Qd7 12. Rfd1 O-O 13. Rac1 Rfd8 
14. Nxe6 fxe6 15. Bh3 a6 16. Bb6 Rf8 17. e4 Qd6 18. exd5 exd5 19. Qb3 Kh8 
20. Nxd5 Nxd5 21. Qxd5 Qf6 22. Qb3 Ne5 23. Bg2 Qh6 24. Rc7 Rae8 25. Rxb7 Qh5 
26. Rd5 Rf5 27. Qd1 Qf7 28. Bd4 Nf3+ 29. Bxf3 Rxf3 30. Rdd7 Qh5 31. Bxg7+ Kg8 
32. Bc3 Bc5 33. Qb3+ 
1-0

[Event "34th Chess Olympiad (men)"]
[Site "Istanbul"]
[Date "2000.11.06"]
[Round "9.22.3"]
[White "Grigoryan, Karen"]
[Black "Wohl, Aleksandar H"]
[WhiteElo "2399"]
[BlackElo "2461"]
[WhiteCountry "TKM"]
[BlackCountry "AUS"]
[Result "1-0"]

1. d4 d6 2. e4 Nf6 3. Nc3 g6 4. Nf3 Bg7 5. Be2 c6 6. a4 a5 7. O-O O-O 
8. Be3 Na6 9. Nd2 Nb4 10. Ncb1 Nd7 11. c3 Na6 12. Na3 Nc7 13. Re1 d5 14. e5 c5 
15. f4 cxd4 16. cxd4 Nb6 17. Bd3 Bd7 18. b3 Na6 19. Rc1 Nb4 20. Bb1 Rc8 
21. Qf3 e6 22. Qe2 Qe7 23. Nb5 Rxc1 24. Rxc1 Rc8 25. Rf1 Na8 26. Nf3 Nc7 
27. Nd6 Rb8 28. h4 b5 29. Rc1 Ne8 30. Nxb5 Bxb5 31. axb5 Qd7 32. h5 Nc7 
33. hxg6 hxg6 34. Qf2 Nxb5 35. f5 exf5 36. Qh4 Nc7 37. Ng5 Nc6 38. Qh7+ Kf8 
39. Rc3 a4 40. Ba2 f4 41. Bxf4 Nxd4 42. e6 Ncxe6 43. Nxe6+ Qxe6 44. Re3 Qb6 
45. Bh6 Ne6 46. Bxg7+ Ke7 47. Qh4+ Kd7 48. Qxa4+ Qb5 49. Be5 Qxa4 50. bxa4 Rb4 
51. Ra3 Re4 52. Bg3 d4 53. a5 Re3 54. Rxe3 dxe3 55. Bxe6+ 
1-0

[Event "34th Chess Olympiad (men)"]
[Site "Istanbul"]
[Date "2000.11.06"]
[Round "9.23.1"]
[White "Moldobaev, Emelbek"]
[Black "Espinosa, Rafael"]
[WhiteElo "2404"]
[BlackElo "2406"]
[WhiteCountry "KGZ"]
[BlackCountry "MEX"]
[Result "0-1"]

1. Nf3 Nf6 2. c4 e6 3. g3 d5 4. d4 Be7 5. Bg2 O-O 6. O-O dxc4 7. Qc2 a6 
8. a4 Bd7 9. Qxc4 Bc6 10. Bg5 a5 11. Nc3 Na6 12. Bxf6 Bxf6 13. e4 Nb4 
14. Rfd1 b6 15. Rd2 Bb7 16. h4 Ba6 17. Qb3 c6 18. Qd1 Ra7 19. Bf1 Qc8 
20. Bxa6 Qxa6 21. Qe1 Rd8 22. Rad1 Qc4 23. Qe3 Rad7 24. Qf4 h6 25. g4 c5 
26. g5 hxg5 27. hxg5 Bxd4 28. g6 fxg6 29. Qg4 Nc6 30. Qxg6 Ne7 31. Qg4 Qb3 
32. Kg2 e5 33. Ng5 Ng6 34. Nd5 Rd6 35. Rd3 Qxa4 36. Qh5 Kf8 37. Rf3+ Ke8 
38. b3 Qa2 39. Qh7 Nf4+ 40. Rxf4 exf4 41. Qg8+ Kd7 42. Qf7+ Kc6 43. Rxd4 R8d7 
44. Qe8 Kb7 45. Rd3 Qe2 46. Nxf4 Qg4+ 47. Rg3 Qxf4 48. e5 Rd3 
0-1

[Event "34th Chess Olympiad (men)"]
[Site "Istanbul"]
[Date "2000.11.06"]
[Round "9.23.2"]
[White "Gonzalez, Garcia Jose"]
[Black "Magai, Vladimir"]
[WhiteElo "2440"]
[BlackElo "2546"]
[WhiteCountry "MEX"]
[BlackCountry "KGZ"]
[Result "1/2-1/2"]

1. d4 Nf6 2. c4 g6 3. Nc3 Bg7 4. e4 d6 5. Be2 O-O 6. Nf3 e5 7. O-O Nc6 
8. d5 Ne7 9. Nd2 a5 10. a3 Bd7 11. Rb1 a4 12. b4 axb3 13. Nxb3 b6 14. Ra1 Ne8 
15. a4 f5 16. f3 fxe4 17. fxe4 Rxf1+ 18. Qxf1 Kh8 19. Bg5 h6 20. Bd2 Ng8 
21. Nc1 Bf6 22. Be3 Bg5 23. Bf2 Bd2 24. Nb5 Nef6 25. Bf3 g5 26. Nb3 Bb4 
27. Be1 Bxe1 28. Qxe1 Ne7 29. g3 
1/2-1/2

[Event "34th Chess Olympiad (men)"]
[Site "Istanbul"]
[Date "2000.11.06"]
[Round "9.23.3"]
[White "Yurtaev, Leonid"]
[Black "Russek, Guil"]
[WhiteElo "2552"]
[BlackElo "2400"]
[WhiteCountry "KGZ"]
[BlackCountry "MEX"]
[Result "1-0"]

1. e4 e6 2. d4 d5 3. Nc3 Bb4 4. e5 Ne7 5. a3 Bxc3+ 6. bxc3 c5 7. Qg4 Kf8 
8. Nf3 Qa5 9. Bd2 Qa4 10. Kd1 b6 11. h3 Ba6 12. dxc5 Qxg4 13. hxg4 Bxf1 
14. Rxf1 bxc5 15. Rb1 Nbc6 16. Be3 d4 17. cxd4 Nd5 18. Kd2 c4 19. Rb7 Nd8 
20. Rb5 Nb6 21. a4 Ke7 22. a5 Nd5 23. Rfb1 Rc8 24. a6 h6 25. c3 Kd7 26. Kc2 Nb6 
27. Bc1 Nc6 28. Ba3 Ne7 29. Nd2 Ned5 30. Ne4 Rc6 31. Kd2 f6 32. Bd6 Re8 
33. g3 Kc8 34. f4 f5 35. gxf5 exf5 36. Nc5 h5 37. Nb7 Kd7 38. Bc5 Ke6 
39. Bxb6 Nxb6 40. Ra1 Ra8 41. Raa5 Kf7 42. Nd6+ Kg6 43. d5 Rc7 44. Nb7 Re8 
45. d6 Rd7 46. Rc5 
1-0

[Event "34th Chess Olympiad (men)"]
[Site "Istanbul"]
[Date "2000.11.06"]
[Round "9.23.4"]
[White "Villarreal, Jose"]
[Black "Inarkiev, Ernesto"]
[WhiteElo "2365"]
[BlackElo "2432"]
[WhiteCountry "MEX"]
[BlackCountry "KGZ"]
[Result "0-1"]

1. e4 c5 2. Nc3 Nc6 3. f4 g6 4. Nf3 Bg7 5. d3 Rb8 6. g3 e6 7. Bg2 Nge7 
8. O-O O-O 9. Be3 Nd4 10. Qd2 b5 11. a3 a5 12. Rab1 Qc7 13. Ne2 Nxe2+ 
14. Qxe2 b4 15. axb4 axb4 16. b3 Bb7 17. Qf2 d6 18. g4 f5 19. Ng5 Qd7 
20. gxf5 exf5 21. Rbe1 h6 22. Nf3 fxe4 23. Nh4 exd3 24. cxd3 g5 25. Bxb7 Qxb7 
26. Ng2 Nf5 27. Kh1 Rbe8 28. Qf3 Qxf3 29. Rxf3 Bc3 30. Rg1 g4 
0-1

[Event "34th Chess Olympiad (men)"]
[Site "Istanbul"]
[Date "2000.11.06"]
[Round "9.24.1"]
[White "Efimov, Igor"]
[Black "Rohl, Juan"]
[WhiteElo "2520"]
[BlackElo "2350"]
[WhiteCountry "ITA"]
[BlackCountry "VEN"]
[Result "1-0"]

1. d4 Nf6 2. c4 g6 3. Nc3 Bg7 4. e4 d6 5. Nge2 O-O 6. Ng3 c5 7. d5 e6 
8. Be2 exd5 9. cxd5 h5 10. O-O h4 11. Nh1 Re8 12. Bg5 Qb6 13. Qc2 h3 14. g3 Na6 
15. f3 Nh7 16. Be3 Bd4 17. Qd2 Bd7 18. Nf2 Nb4 19. Rac1 Nf6 20. Rfd1 Bxe3 
21. Qxe3 Rac8 22. Bf1 Re5 23. Nxh3 Rce8 24. Qd2 Bxh3 25. Bxh3 c4+ 26. Qd4 Nfxd5 
27. Nxd5 Nxd5 28. Qxb6 Nxb6 29. Rxd6 Ra5 30. a3 Rb5 31. Rc2 Rb3 32. Kf2 Re5 
33. Bf1 Rc5 34. Rdd2 Kg7 35. h4 Kf6 36. f4 Ke7 37. Be2 c3 38. bxc3 Rcxc3 
39. Rxc3 Rxc3 40. Rd3 Rc7 41. Rb3 Na4 42. e5 a6 43. g4 b5 44. Rd3 Rc2 
45. Kf3 Nc5 46. Re3 Ne6 47. Bd3 Rc3 48. f5 gxf5 49. gxf5 Nc5 50. f6+ Kf8 
51. Bf5 Rc4 52. h5 Ne6 53. Bxe6 fxe6 54. Rd3 Rh4 55. Rd8+ Kf7 56. Rd7+ Kf8 
57. Re7 Rxh5 58. Rxe6 Rh3+ 59. Ke4 Rxa3 60. Rb6 Kf7 61. Rb7+ Kg6 62. Rg7+ 
1-0

[Event "34th Chess Olympiad (men)"]
[Site "Istanbul"]
[Date "2000.11.06"]
[Round "9.24.2"]
[White "Alvarez, Johan"]
[Black "D'Amore, Carlo"]
[WhiteElo "2317"]
[BlackElo "2462"]
[WhiteCountry "VEN"]
[BlackCountry "ITA"]
[Result "1-0"]

1. d4 Nf6 2. c4 g6 3. Nc3 Bg7 4. Nf3 O-O 5. Bg5 d6 6. e3 c5 7. Be2 Bf5 
8. O-O Nc6 9. d5 Nb4 10. a3 Na6 11. Nd2 h6 12. Bh4 Nc7 13. a4 a6 14. e4 Bd7 
15. f4 Nfe8 16. Bd3 f5 17. Qe2 fxe4 18. Bxe4 Bd4+ 19. Kh1 Bf6 20. Nf3 Kg7 
21. Qd3 e6 22. Be1 exd5 23. cxd5 b5 24. Bxg6 c4 25. Qe4 b4 26. Nd1 a5 
27. f5 Qe7 28. Qg4 Kh8 29. Bd2 Bg7 30. Qxc4 Rc8 31. Qd3 Rf6 32. Ne3 Rxg6 
33. fxg6 Bxb2 34. Rae1 Bg7 35. Nf5 Bxf5 36. Qxf5 Qd8 37. Ng5 
1-0

[Event "34th Chess Olympiad (men)"]
[Site "Istanbul"]
[Date "2000.11.06"]
[Round "9.24.3"]
[White "Rossi, Carlo"]
[Black "Gallegos, Carlos"]
[WhiteElo "2436"]
[BlackElo "2000"]
[WhiteCountry "ITA"]
[BlackCountry "VEN"]
[Result "1-0"]

1. e4 d6 2. Nf3 Nf6 3. c3 g6 4. Bd3 Bg7 5. O-O O-O 6. Bc2 Nc6 7. d4 e5 
8. dxe5 dxe5 9. Qe2 Qe7 10. b4 a6 11. a4 Nh5 12. Bg5 Qe6 13. Ra3 h6 14. Bb3 Qe8 
15. Be3 Nf4 16. Qc2 Bg4 17. Nbd2 Qd7 18. h3 Be6 19. Re1 Rfe8 20. Kh2 g5 
21. Raa1 Qe7 22. Bxe6 Qxe6 23. a5 g4 24. Nh4 gxh3 25. g3 Ng2 26. Nxg2 hxg2 
27. Kxg2 Rad8 28. Rh1 Qd6 29. Qd1 Re6 30. Qh5 Qd3 31. Rac1 Rg6 32. Rh4 Rdd6 
33. Nb3 Qc4 34. Nc5 b6 35. axb6 cxb6 36. Na4 Nd8 37. Rd1 b5 38. Nb6 Qc6 
39. Nd5 Qd7 40. Bc5 Nc6 41. Bxd6 Rxd6 42. Nb6 Qd8 43. Rxd6 Qxd6 44. Nd5 Nd8 
45. Rg4 Ne6 46. Qf5 
1-0

[Event "34th Chess Olympiad (men)"]
[Site "Istanbul"]
[Date "2000.11.06"]
[Round "9.24.4"]
[White "Ostos, Julio"]
[Black "Belotti, Bruno"]
[WhiteElo "2344"]
[BlackElo "2417"]
[WhiteCountry "VEN"]
[BlackCountry "ITA"]
[Result "1/2-1/2"]

1. e4 c5 2. Nf3 d6 3. Nc3 Nf6 4. d4 cxd4 5. Nxd4 Nc6 6. Bg5 e6 7. Qd2 Be7 
8. O-O-O Nxd4 9. Qxd4 O-O 10. f4 Qa5 11. Bc4 Bd7 12. Bxf6 gxf6 13. e5 fxe5 
14. fxe5 d5 15. Qg4+ Kh8 16. Bxd5 Rad8 17. Bxb7 Qxe5 18. Qd4 Bf6 19. Qxe5 Bxe5 
20. Rd3 Bc8 21. Rxd8 Rxd8 22. Bxc8 Rxc8 23. Ne2 Kg7 24. Rd1 Rc7 25. b3 f5 
26. g3 Kf6 27. c4 Kg5 28. Nd4 Bxd4 29. Rxd4 e5 30. Rd5 Re7 31. Kd2 Kg4 
32. Ke3 h5 33. Kf2 h4 34. Rd6 hxg3+ 35. hxg3 f4 36. gxf4 exf4 37. c5 Rh7 
38. Rg6+ Kf5 39. Ra6 Rh2+ 40. Kf3 Rc2 41. Rxa7 Rc3+ 42. Ke2 Rxc5 43. b4 Rc4 
44. b5 Ke4 45. a4 f3+ 46. Kf2 Rc2+ 47. Kf1 Rb2 48. Ra6 Ke3 49. Re6+ Kf4 
50. b6 Rb1+ 51. Kf2 Rb2+ 52. Kf1 Rb1+ 
1/2-1/2

[Event "34th Chess Olympiad (men)"]
[Site "Istanbul"]
[Date "2000.11.06"]
[Round "9.25.2"]
[White "Wong, Meng-Kong"]
[Black "Motwani, Paul"]
[WhiteElo "2507"]
[BlackElo "2464"]
[WhiteCountry "SIN"]
[BlackCountry "SCO"]
[Result "1/2-1/2"]

1. d4 d5 2. Nf3 c5 3. e3 Nc6 4. c4 e6 5. Nc3 Nf6 6. a3 a6 7. dxc5 Bxc5 
8. cxd5 exd5 9. Be2 O-O 10. O-O Bf5 11. b4 d4 12. Na4 Ba7 13. exd4 Nxd4 
14. Nxd4 Bxd4 15. Bb2 Bxb2 16. Nxb2 Ne4 17. Qxd8 
1/2-1/2

[Event "34th Chess Olympiad (men)"]
[Site "Istanbul"]
[Date "2000.11.06"]
[Round "9.25.3"]
[White "Shaw, John"]
[Black "Hsu, Li Yang"]
[WhiteElo "2435"]
[BlackElo "2440"]
[WhiteCountry "SCO"]
[BlackCountry "SIN"]
[Result "1-0"]

1. e4 e5 2. Nf3 Nc6 3. Bb5 a6 4. Bxc6 dxc6 5. O-O Qd6 6. Na3 Be6 7. Qe2 f6 
8. Nc4 Qd7 9. Rd1 c5 10. c3 Bg4 11. h3 Bh5 12. d4 exd4 13. Bf4 Rd8 
14. cxd4 cxd4 15. g4 d3 16. Qe3 Bf7 17. Rac1 b5 18. Na5 c5 19. e5 Be7 20. b3 h5 
21. Rc3 hxg4 22. Rcxd3 Qe6 23. Rxd8+ Bxd8 24. Nb7 Be7 25. Nd6+ Kf8 
26. hxg4 Qxg4+ 27. Bg3 Rh3 28. Kg2 Bh5 29. Rd3 Bg6 30. Rd2 Rh5 31. Nh2 Qe6 
32. Qf3 Bxd6 33. Rxd6 Qf5 34. Rd8+ 
1-0

[Event "34th Chess Olympiad (men)"]
[Site "Istanbul"]
[Date "2000.11.06"]
[Round "9.25.4"]
[White "Chan, Peng-Kong"]
[Black "Mannion, Stephen R"]
[WhiteElo "2395"]
[BlackElo "2350"]
[WhiteCountry "SIN"]
[BlackCountry "SCO"]
[Result "0-1"]

1. d4 Nf6 2. c4 c5 3. d5 b5 4. cxb5 a6 5. bxa6 g6 6. Nc3 Bxa6 7. Nf3 d6 
8. e4 Bxf1 9. Kxf1 Bg7 10. g3 O-O 11. Kg2 Nbd7 12. Re1 Qa5 13. e5 dxe5 
14. Nxe5 Nxe5 15. Rxe5 Ra7 16. Qe2 Re8 17. Bd2 Rd7 18. Kg1 Qa8 19. Qc4 Qb8 
20. Re2 Qb4 21. Qa6 Qxb2 22. Rb1 Qc2 23. Rc1 Qf5 24. Qc6 Ng4 25. Qxc5 Bxc3 
26. Bxc3 Nxh2 27. Qe3 Ng4 28. Qd4 f6 29. d6 Rxd6 30. Qxd6 exd6 31. Rxe8+ Kf7 
32. Re2 Qh5 33. Kg2 Qh2+ 34. Kf3 Qh3 35. Rd2 Nh2+ 36. Ke4 Qf5+ 37. Ke3 Ng4+ 
38. Kd4 Qc5+ 39. Ke4 Qf5+ 40. Kd4 Nxf2 41. Kc4 Ne4 42. Rdc2 Nc5 43. Rd2 Qe6+ 
44. Kb4 Qe4+ 45. Ka3 Qe3 46. Kb2 Na4+ 
0-1

[Event "34th Chess Olympiad (men)"]
[Site "Istanbul"]
[Date "2000.11.06"]
[Round "9.26.1"]
[White "Mitkov, Nikola"]
[Black "Kastanieda, Georgiy"]
[WhiteElo "2532"]
[BlackElo "2457"]
[WhiteCountry "FRM"]
[BlackCountry "PER"]
[Result "1/2-1/2"]

1. e4 e6 2. d4 d5 3. Nc3 Nf6 4. e5 Nfd7 5. f4 c5 6. Nf3 Nc6 7. Be3 a6 8. Qd2 b5 
9. Qf2 Qb6 10. Bd3 cxd4 11. Nxd4 Bc5 12. Nce2 b4 13. O-O a5 14. c3 Ba6 
15. Bxa6 Rxa6 16. Rac1 O-O 17. Rfd1 bxc3 18. bxc3 f6 19. Rb1 Qa7 20. exf6 Nxf6 
21. Nxc6 Bxe3 22. Nxa7 Bxf2+ 23. Kxf2 Rxa7 24. Kg1 Rc8 
1/2-1/2

[Event "34th Chess Olympiad (men)"]
[Site "Istanbul"]
[Date "2000.11.06"]
[Round "9.26.2"]
[White "Belli, Mario"]
[Black "Nedev, Trajce"]
[WhiteElo "2393"]
[BlackElo "2487"]
[WhiteCountry "PER"]
[BlackCountry "FRM"]
[Result "1/2-1/2"]

1. d4 Nf6 2. Nf3 g6 3. c4 Bg7 4. g3 d5 5. Bg2 dxc4 6. Qa4+ Nfd7 7. Qxc4 Nc6 
8. Be3 Nb6 9. Qc5 O-O 10. Nc3 a5 11. O-O a4 12. b4 axb3 13. axb3 Rxa1 
14. Rxa1 Bg4 15. Rd1 Qc8 16. b4 Qf5 17. Nb5 
1/2-1/2

[Event "34th Chess Olympiad (men)"]
[Site "Istanbul"]
[Date "2000.11.06"]
[Round "9.26.3"]
[White "Jacimovic, Dragoljub"]
[Black "Cruz, Filemon"]
[WhiteElo "2465"]
[BlackElo "2360"]
[WhiteCountry "FRM"]
[BlackCountry "PER"]
[Result "1-0"]

1. d4 f5 2. g3 e6 3. Bg2 d5 4. c4 Nf6 5. Nh3 c6 6. Qc2 Bd6 7. O-O O-O 
8. Bf4 Be7 9. Nd2 h6 10. Bxb8 Rxb8 11. Nf4 Qe8 12. Nf3 g5 13. Nd3 Rf7 
14. b4 Rg7 15. a4 h5 16. b5 h4 17. Rfb1 hxg3 18. hxg3 cxb5 19. axb5 f4 
20. Rxa7 Qh5 21. Rba1 Bd7 22. Ra8 Rf8 23. Rxf8+ Bxf8 24. Ra8 fxg3 25. fxg3 Qg4 
26. Nde5 Qxg3 27. Qc1 Be8 28. Qf1 g4 29. Ne1 Bc5 30. dxc5 Qxe5 31. cxd5 g3 
32. Qf3 exd5 33. Bh3 Re7 34. Nd3 Qd4+ 35. Kf1 Kg7 36. Qxg3+ Kf8 37. Qf2 Qc3 
38. Bf5 Rg7 39. Qf4 Kg8 40. Be6+ Kh7 41. Bf5+ Kg8 42. Be6+ Kh7 43. Qh4+ 
1-0

[Event "34th Chess Olympiad (men)"]
[Site "Istanbul"]
[Date "2000.11.06"]
[Round "9.26.4"]
[White "Ramos, Ernesto"]
[Black "Kizov, Atanas"]
[WhiteElo "2298"]
[BlackElo "2306"]
[WhiteCountry "PER"]
[BlackCountry "FRM"]
[Result "0-1"]

1. e4 e5 2. Nf3 Nc6 3. Bc4 Nf6 4. d3 h6 5. O-O d6 6. c3 g6 7. b4 Bg7 
8. Nbd2 O-O 9. Qb3 Qe7 10. Re1 Nh5 11. Nf1 Bg4 12. Qd1 Qf6 13. Ne3 Bxf3 
14. Qxf3 Qxf3 15. gxf3 Nd8 16. Ng2 Ne6 17. Rd1 c6 18. Be3 Rfd8 19. Bb3 d5 
20. c4 dxc4 21. dxc4 Nd4 22. Bxd4 exd4 23. Rd3 g5 24. Rad1 Bf6 25. R3d2 Kf8 
26. Ne1 Nf4 27. Nd3 Nxd3 28. Rxd3 Be5 29. Bc2 a5 30. b5 cxb5 31. cxb5 Rac8 
32. Bb3 Rc5 33. a4 Rd6 34. R1d2 Rd7 35. Bd5 Rc3 36. h3 Rdc7 37. Rxc3 dxc3 
38. Rc2 Ke7 39. Kf1 Kd6 40. Ke2 Kc5 41. Kd3 b6 42. Ra2 Rd7 43. Kc2 Rd6 
44. f4 gxf4 45. Bxf7 Rd2+ 46. Kc1 Rxa2 47. Bxa2 f3 48. Bb3 Kd4 49. Bc2 Bg3 
50. Bd1 Kd3 51. Bc2+ Ke2 52. Bd1+ Kxf2 53. Kc2 Ke3 
0-1

[Event "34th Chess Olympiad (men)"]
[Site "Istanbul"]
[Date "2000.11.06"]
[Round "9.27.1"]
[White "Maherramzade, Javad"]
[Black "Matamoros, Franco Carlos S"]
[WhiteElo "2433"]
[BlackElo "2467"]
[WhiteCountry "AZE"]
[BlackCountry "ECU"]
[Result "1/2-1/2"]

1. d4 Nf6 2. Nf3 c5 3. d5 b5 4. Bg5 d6 5. Bxf6 exf6 6. e4 a6 7. a4 b4 8. Bd3 g6 
9. Nbd2 Bg7 10. Nc4 a5 11. O-O O-O 12. Nfd2 Bb7 13. Qf3 Nd7 14. Qg3 Ne5 
15. Rad1 f5 16. exf5 Bxd5 17. b3 Nxd3 18. Qxd3 Bd4 19. Nf3 Rc8 20. Rfe1 Bxf3 
21. Qxf3 d5 22. Ne3 Bxe3 23. fxe3 d4 24. Rf1 Qd6 25. h3 Rc7 26. Kh1 Re8 
1/2-1/2

[Event "34th Chess Olympiad (men)"]
[Site "Istanbul"]
[Date "2000.11.06"]
[Round "9.27.2"]
[White "Mera, Cedeno Angel"]
[Black "Bagirov, Rufat"]
[WhiteElo "2376"]
[BlackElo "2471"]
[WhiteCountry "ECU"]
[BlackCountry "AZE"]
[Result "1/2-1/2"]

1. c4 e6 2. Nf3 d5 3. b3 Nf6 4. Bb2 Be7 5. e3 O-O 6. Nc3 b6 7. Rc1 Bb7 
8. d4 Nbd7 9. cxd5 exd5 10. g3 c6 11. Bg2 Bd6 12. O-O Qe7 13. Qe2 Rae8 
14. Rc2 Ng4 15. Nh4 Nh6 16. e4 dxe4 17. Nxe4 Ba3 18. Bxa3 Qxa3 19. Qd1 Re7 
20. Qc1 Qxc1 21. Rfxc1 c5 
1/2-1/2

[Event "34th Chess Olympiad (men)"]
[Site "Istanbul"]
[Date "2000.11.06"]
[Round "9.27.4"]
[White "Moran, Augusto"]
[Black "Mamedov, Nidjat"]
[WhiteElo "2392"]
[BlackElo "2403"]
[WhiteCountry "ECU"]
[BlackCountry "AZE"]
[Result "1-0"]

1. d4 Nf6 2. c4 g6 3. Nc3 Bg7 4. Nf3 O-O 5. Bg5 d6 6. e3 h6 7. Bh4 g5 
8. Bg3 Nh5 9. Nd2 Nxg3 10. hxg3 e6 11. Qc2 f5 12. O-O-O Nd7 13. f4 g4 
14. e4 Bxd4 15. Rxh6 Bg7 16. Rxe6 Nc5 17. Rg6 fxe4 18. Ndxe4 Bf5 19. Rg5 Qe8 
20. Bd3 Nxd3+ 21. Qxd3 Qe6 22. Qd5 Rae8 23. Nf2 Qxd5 24. cxd5 Rf7 25. Nxg4 Kf8 
26. Kd2 Bxg4 27. Rxg4 Rfe7 28. Kc2 Re3 
1-0

[Event "34th Chess Olympiad (men)"]
[Site "Istanbul"]
[Date "2000.11.06"]
[Round "9.28.1"]
[White "Moussa, Othman"]
[Black "El Taher, Fouad"]
[WhiteElo "2375"]
[BlackElo "2485"]
[WhiteCountry "UAE"]
[BlackCountry "EGY"]
[Result "0-1"]

1. d4 Nf6 2. c4 g6 3. Nc3 Bg7 4. e4 d6 5. f3 O-O 6. Be3 a6 7. Bd3 Nc6 
8. Nge2 Rb8 9. Rc1 Nd7 10. Bb1 b5 11. cxb5 axb5 12. Nd5 Bb7 13. Bg5 Nf6 
14. Qd2 Nxd5 15. exd5 Na7 16. Qa5 Nc8 17. Qxc7 Qxc7 18. Rc3 Qc6 19. b3 h6 
20. Be3 Re8 21. Kd2 e5 22. Rhc1 b4 23. dxe5 dxe5 24. R3c2 Qxc2+ 25. Rxc2 Bxd5 
26. Rc5 Be6 27. Be4 Nd6 28. Bd5 Nb5 29. Bb7 Rbd8+ 30. Ke1 Nd6 31. Bd5 Nf5 
32. Bxe6 Nxe3 33. Bc4 Bf8 34. Rc7 Rd1+ 35. Kf2 Nxc4 36. bxc4 Ra1 37. c5 Rxa2 
38. Rc8 Rc2 39. Ke3 Rxc5 40. Rb8 Rc2 41. Kd3 Ra2 42. g4 Kg7 43. h4 Be7 
44. h5 Ra3+ 45. Ke4 Bg5 46. f4 Rg3 
0-1

[Event "34th Chess Olympiad (men)"]
[Site "Istanbul"]
[Date "2000.11.06"]
[Round "9.28.2"]
[White "Labib, Ibrahim Hasan"]
[Black "Majeed, Abdul"]
[WhiteElo "2426"]
[BlackElo "2291"]
[WhiteCountry "EGY"]
[BlackCountry "UAE"]
[Result "0-1"]

1. e4 e6 2. Qe2 c5 3. Nf3 Nc6 4. g3 Nf6 5. d3 Be7 6. Bg2 d5 7. e5 Nd7 
8. O-O Qc7 9. Re1 b5 10. h4 Rb8 11. Nbd2 c4 12. Nf1 a5 13. d4 Qa7 14. c3 b4 
15. h5 a4 16. a3 bxc3 17. bxc3 Rb3 18. Bd2 Bxa3 19. Ng5 O-O 20. Be4 h6 
21. Bc2 Bb2 22. Ne4 Nxd4 23. cxd4 Bxa1 24. Qg4 Bxd4 25. Bxh6 Bxe5 26. Bxg7 f5 
27. Qg6 Bxg7 28. h6 Ne5 29. Qh5 dxe4 30. hxg7 Qxg7 31. Bxe4 Qg4 32. Qh1 fxe4 
0-1

[Event "34th Chess Olympiad (men)"]
[Site "Istanbul"]
[Date "2000.11.06"]
[Round "9.28.3"]
[White "Saleh, Jasim"]
[Black "Abdel, Razik Khaled"]
[WhiteElo "2356"]
[BlackElo "2405"]
[WhiteCountry "UAE"]
[BlackCountry "EGY"]
[Result "1/2-1/2"]

1. e4 e6 2. Qe2 d5 3. exd5 Qxd5 4. Nc3 Qd8 5. g3 Nf6 6. Bg2 c5 7. Nf3 Nc6 
8. O-O Be7 9. d3 O-O 10. Bf4 b6 11. Ne5 Nd4 12. Qd1 Ba6 13. Bxa8 Qxa8 
14. a4 Bd6 15. f3 Rd8 16. Ne4 Be7 17. Ng5 h6 18. Ngxf7 Rf8 19. c3 Nf5 
20. g4 Nd5 21. gxf5 Nxf4 22. fxe6 Nxe6 23. a5 b5 24. Qe2 Rxf7 25. Nxf7 Kxf7 
26. Rae1 Qd5 27. Qe4 Bb7 28. Re2 Qg5+ 29. Qg4 Nf4 30. Rxe7+ Kxe7 31. Qxg5+ hxg5 
32. d4 cxd4 33. Re1+ Kd6 34. cxd4 Bxf3 35. Re5 g4 36. Rxb5 Ne2+ 37. Kf2 Nxd4 
38. Rb8 Kc7 39. Rg8 Nf5 40. Rf8 Be4 41. Rf7+ Kb8 42. Rd7 
1/2-1/2

[Event "34th Chess Olympiad (men)"]
[Site "Istanbul"]
[Date "2000.11.06"]
[Round "9.28.4"]
[White "Hassan, Sayed Barakat"]
[Black "Abdullah, Mansour"]
[WhiteElo "2365"]
[BlackElo "2290"]
[WhiteCountry "EGY"]
[BlackCountry "UAE"]
[Result "1-0"]

1. e4 c5 2. Nc3 Nc6 3. Nf3 g6 4. Bb5 Bg7 5. O-O d6 6. Re1 a6 7. Bxc6+ bxc6 
8. e5 d5 9. b3 Qa5 10. Na4 Bg4 11. h3 Bxf3 12. Qxf3 c4 13. Qe3 e6 14. Rb1 cxb3 
15. Qxb3 Qb5 16. Qc3 d4 17. Rxb5 dxc3 18. Rb7 cxd2 19. Bxd2 Ne7 20. Bb4 Nd5 
21. Bd6 Bf8 22. c4 Bxd6 23. cxd5 Bxe5 24. Rxe5 cxd5 25. Nb6 Rd8 26. Nxd5 
1-0

[Event "34th Chess Olympiad (men)"]
[Site "Istanbul"]
[Date "2000.11.06"]
[Round "9.29.1"]
[White "Fernandes, Antonio"]
[Black "Dutreeuw, Marc"]
[WhiteElo "2438"]
[BlackElo "2402"]
[WhiteCountry "POR"]
[BlackCountry "BEL"]
[Result "1-0"]

1. e4 e5 2. Nf3 Nf6 3. Nxe5 d6 4. Nf3 Nxe4 5. d4 d5 6. Bd3 Nc6 7. O-O Be7 
8. c4 Nb4 9. Be2 O-O 10. Nc3 b6 11. Re1 Bb7 12. Ne5 dxc4 13. Bxc4 Nd6 
14. Bb3 Nf5 15. Qh5 Nd6 16. Re3 Bg5 17. Rh3 h6 18. Bxg5 
1-0

[Event "34th Chess Olympiad (men)"]
[Site "Istanbul"]
[Date "2000.11.06"]
[Round "9.29.2"]
[White "Cekro, Ekrem"]
[Black "Galego, Luis"]
[WhiteElo "2390"]
[BlackElo "2419"]
[WhiteCountry "BEL"]
[BlackCountry "POR"]
[Result "0-1"]

1. c4 e5 2. Nc3 Nf6 3. Nf3 Nc6 4. g3 g6 5. d4 exd4 6. Nxd4 Bg7 7. Bg2 O-O 
8. O-O Re8 9. Nxc6 bxc6 10. Bg5 h6 11. Be3 Rxe3 12. fxe3 Qe7 13. Qd2 Rb8 
14. Rac1 Ng4 15. Nd1 h5 16. b3 Bh6 17. Rf4 Bxf4 18. exf4 Qc5+ 19. e3 d6 
20. h3 Nf6 21. Nf2 Bd7 22. Qc3 Qa3 23. Rc2 Ne8 24. e4 Qc5 25. Kh2 Ng7 
26. Rd2 Be6 27. Re2 a5 28. Nd3 Qa3 29. Rd2 c5 30. Bf3 Bd7 31. Qf6 a4 
32. Bd1 axb3 33. axb3 Re8 34. f5 gxf5 35. exf5 Bxf5 36. Bxh5 Nxh5 37. Qxf5 Ng7 
38. Qg5 Qxb3 39. Nf4 Qxc4 40. Rg2 Qd4 41. Nh5 Re6 42. Qd8+ Kh7 43. Nf4 Re1 
44. Qxc7 Qa1 45. Rf2 Rh1+ 46. Kg2 Qa8+ 47. Rf3 Rf1 48. Kxf1 Qxf3+ 49. Kg1 Qxg3+ 
50. Ng2 f5 51. Qf7 Qxh3 52. Kf2 Qg4 53. Ne3 Qg6 54. Qf8 Qe6 55. Qd8 Qe5 
56. Qh4+ Kg6 57. Qh8 c4 58. Ng2 c3 
0-1